00335nam a2200109Ia 4500008004100000041000800041100001900049245006200068260005100130300000800181700003600189250110s9999 xx 000 0 und d aeng aGosavi Gayatri aLandscape Proposal For Dr. Salim Ali Bird Sanctuary, Pune bBNCA M Arch Landscape ArchitectureaPunec2023 a46p aGuide Name:Sahasrtabuddhe Swati